Deadly factbook: insects and spiders
| Other Authors: | , |
|---|---|
| Format: | Book |
| Published: |
London :
Orion Children's Books ,
2012
|
| Subjects: |
MARC
| LEADER | 00000cam a2200000 7i4500 | ||
|---|---|---|---|
| 001 | 0000176924 | ||
| 005 | 20140212.0 | ||
| 020 | |a 9781444006353 | ||
| 090 | 0 | 0 | |a 595.44 |b DEA |
| 245 | 1 | 0 | |a Deadly factbook: insects and spiders |c compiled by Jinny Johnson ; designed by Sue Michniewicz |
| 260 | |a London : |b Orion Children's Books , |c 2012 | ||
| 300 | |a 76p. ; |c 16cm. | ||
| 650 | 0 | 0 | |a Insects |x Juvenile literature |
| 650 | 0 | 0 | |a Spiders |x Juvenile literature |
| 700 | 1 | |a Johnson, Jinny | |
| 700 | 1 | |a Michniewicz, Sue | |
| 999 | |a 00290597 |b BUKU |c PINJAMAN |e PERPUSTAKAAN KOMUNITI PETALING JAYA | ||